000 00234nam a2200097Ia 4500
001 921008
005 20250826191418.0
008 250824s9999 xx 000 0 und d
245 0 _aBAŞKA
_cKAHRAMAN TAZEOĞLU
260 _bDESTEK YAYINLARI
999 _c921008
_d921008